| 000 | 00494nam a22001937a 4500 | ||
|---|---|---|---|
| 003 | OSt | ||
| 005 | 20160418184901.0 | ||
| 008 | 160418b xxu||||| |||| 00| 0 eng d | ||
| 020 | _a0521346908 | ||
| 040 | _cDDC. | ||
| 082 | _a573BOG 1988. | ||
| 100 |
_aBogin,Barry; _98049 |
||
| 245 | _aPatterns of Human Growth. | ||
| 260 |
_aUK. _bCambridge University Press. _c1988. |
||
| 300 |
_aviii,267p; _bill; _c20cm |
||
| 504 | _aincludes index. | ||
| 650 |
_aHuman Growth. _9206 |
||
| 942 |
_2ddc _cSLOAN |
||
| 999 |
_c3607 _d3607 |
||